000 00387cam a22001097a 4500
008 180718b1967 xxu||||| |||| 00| 0 eng d
082 _aN111x73 Un3s
100 _aNational Headquarters Selective Service System, Washington
245 _aThe selective service system: its concept, history and operation
260 _aWashington, D.C.
_bU.S. Government Printing Office
_c1967
300 _a37p.
999 _c493805
_d493805